Toy Story Cast - Statistics

General Stats
  • This quiz has been taken 44 times
  • The average score is 4 of 10
Answer Stats
Hint Answer % Correct
Woody Tom Hanks
97%
Buzz Lightyear Tim Allen
79%
Hamm John Ratzenberger
66%
Mr. Potato Head Don Rickles
48%
Rex Wallace Shawn
45%
Bo Peep Annie Potts
34%
Slinky Dog Jim Varney
34%
Andy Davis John Morris
21%
Sergeant R. Lee Ermey
14%
Sid Phillilps Erik von Detten
7%
No matching quizzes found
Score Distribution
Percent of People with Each Score
Percentile by Number Answered
Your Score History
You have not taken this quiz